| 000 | 00808cab a2200193 4500 | ||
|---|---|---|---|
| 001 | ##L133659 | ||
| 008 | 060530n2006 000 0 eng u | ||
| 035 | _a(Sirsi) u133659 | ||
| 041 | 0 | _aeng | |
| 100 | 1 | _aMcCormick, Helen | |
| 245 | 0 | 0 | _aCarillion battles for April win |
| 260 | _c2006 | ||
| 490 | 0 |
_aContract Journal _v433(6576) 24 May 2006, 16-17(2) |
|
| 520 | _aCarillion topped the new work winners league table in April 2006, with Bovis Lend Lease in second place. Also includes tables giving breakdown of work by sector and geographical area, pie graphs showing work by sector over past 12 months and in April, and bar chart illustrating total orders in last 12 months. | ||
| 590 | _aIKA060606 | ||
| 651 | 4 |
_aUnited Kingdom _y |
|
| 690 | _aBUILT ENVIRONMENT-CONSTRUCTION MARKET | ||
| 942 | _n0 | ||
| 999 |
_c77137 _d77137 |
||